000
00323nam a22001457a 4500
020
_a
978-93-87788-30-5
041
_a
ENG
100
_a
Narayana.K.L
245
_a
Machine Drawing
260
_a
London
_b
New Age International
_c
2019
300
_a
468
650
_a
FMP
700
_a
Kannaiah.P , Venkata Reddy
856
_u
FMP
999
_c
3202
_d
3202